A vendégelégedettség mérésének lehetőségei az osztrák Edelweiss Panzióban
| Szerző: | |
|---|---|
| További közreműködők: | |
| Dokumentumtípus: | Záródolgozat |
| Kulcsszavak: | Mérés, vendégelégedettség Felmérés, kérdőíves Desztináció |
| Online Access: | http://dolgozattar.uni-bge.hu/59399 |
MARC
| LEADER | 00000nta a2200000 i 4500 | ||
|---|---|---|---|
| 001 | dolg59399 | ||
| 005 | 20260114145523.0 | ||
| 008 | 260114suuuu hu o 000 hun d | ||
| 040 | |a BGE Dolgozattár Repozitórium |b hun | ||
| 041 | |a hu | ||
| 100 | 1 | |a Tarány Regina | |
| 245 | 1 | 2 | |a A vendégelégedettség mérésének lehetőségei az osztrák Edelweiss Panzióban |c Tarány Regina |h [elektronikus dokumentum] |
| 516 | |a Final_paper | ||
| 695 | |a Mérés, vendégelégedettség | ||
| 695 | |a Felmérés, kérdőíves | ||
| 695 | |a Desztináció | ||
| 700 | 1 | |a Fekete-Frojimovics Dr. Zsófia |e ths | |
| 856 | 4 | 0 | |u http://dolgozattar.uni-bge.hu/59399/1/Tarany-Regina.pdf |z Dokumentum-elérés |